[Event "Moscow Aeroflot op"]
[Site "Moscow"]
[Date "2002.02.06"]
[Round "3"]
[White "Filippov, Valerij"]
[Black "Jobava, Baadur"]
[Result "0-1"]
[WhiteElo "2625"]
[BlackElo "2556"]
[PlyCount "92"]
[EventDate "2002.02.04"]
[Source "ChessBase"]
[SourceDate "2002.03.21"]

1. Nf3 Nf6 2. c4 g6 3. d4 Bg7 4. g3 d6 5. Bg2 O-O 6. Nc3 Nbd7 7. O-O e5 8. e4 a6 9. Qc2 exd4 10. Nxd4 Ne5 11. b3 Bd7 12. Rd1 Bg4 13. Nde2 Re8 14. h3 Bf3 15. Bxf3 Nxf3+ 16. Kg2 Ne5 17. c5 Ned7 18. cxd6 cxd6 19. f3 d5 20. exd5 Rc8 21. Qd2 Nb6 22. d6 Nfd5 23. Bb2 Ne3+ 24. Kf2 Nbc4 25. bxc4 Qb6 26. c5 Qxc5 27. Nd4 Nc4 28. Na4 Qxd6 29. Qf4 Be5 30. Nf5 Bxf4 31. Nxd6 Bxd6 32. Bd4 Ne5 33. Nc3 Nc6 34. Bb6 Be5 35. Rac1 Nb4 36. Bd4 Rc4 37. Bxe5 Rxe5 38. a3 Nc6 39. Ne4 Rxc1 40. Rxc1 Rb5 41. Rc3 Kf8 42. Nd6 Rb2+ 43. Ke3 Ne7 44. Rd3 h5 45. g4 h4 46. Ke4 Nc6 0-1

[Event "It (Open) Canada De Calatrava ESP"]
[Site "?"]
[Date "2006.04.16"]
[Round "8"]
[White "Tukmakov Vladimir B"]
[Black "Korotylev Alexey"]
[Result "0-1"]
[WhiteElo "2560"]
[BlackElo "2618"]
[PlyCount "108"]
[EventDate "2006.??.??"]
[Source "www.chesslib.no"]
[SourceDate "2004.05.04"]

1. d4 g6 2. Nf3 Bg7 3. c4 d6 4. Nc3 Nf6 5. g3 O-O 6. Bg2 Nbd7 7. O-O e5 8. e4 a6 9. Re1 Rb8 10. d5 Qe7 11. b4 Ng4 12. Qc2 Nb6 13. Qb3 f5 14. c5 Nd7 15. exf5 gxf5 16. Nd4 Ndf6 17. h3 Nh6 18. Ne6 Bxe6 19. dxe6 Kh8 20. cxd6 cxd6 21. Bg5 Nhg8 22. Rad1 Rfe8 23. Bd5 h6 24. Bh4 Qf8 25. b5 Ne7 26. Bg2 f4 27. Bxf6 Bxf6 28. Ne4 Nf5 29. Qd5 Be7 30. g4 Nd4 31. Rxd4 exd4 32. Qxd4+ Qg7 33. Qd3 Qe5 34. Qb1 Bf8 35. Ng3 Qxb5 36. Qxb5 axb5 37. Nf5 Be7 38. Rb1 Rbc8 39. Bxb7 Rc5 40. Ba6 Bf8 41. Bxb5 Rxe6 42. a4 d5 43. a5 Rc3 44. Bf1 Bc5 45. Rb8+ Kh7 46. Rd8 Re1 47. Rxd5 Rc2 48. Nd4 Bxd4 49. Kg2 Rcc1 50. Rxd4 Rxf1 51. Rxf4 Ra1 52. Rf5 Rfb1 53. h4 Rb3 54. g5 Rba3 0-1

[Event "New York op"]
[Site "New York"]
[Date "1997.??.??"]
[Round "?"]
[White "Aleksandrov, Aleksej"]
[Black "Baburin, Alexander"]
[Result "1-0"]
[WhiteElo "2615"]
[BlackElo "2560"]
[PlyCount "81"]
[EventDate "1997.04.02"]
[Source "ChessBase"]

1. c4 e5 2. Nc3 Nf6 3. g3 c6 4. d4 d6 5. Bg2 Nbd7 6. e4 g6 7. Nf3 Bg7 8. O-O O-O 9. Qc2 Qe7 10. h3 exd4 11. Nxd4 Nc5 12. Re1 Re8 13. b4 Ne6 14. Nb3 Nd7 15. Rb1 Nb6 16. Nd1 c5 17. bxc5 dxc5 18. Ba3 Nd4 19. Qd3 Be6 20. Bxc5 Bxc4 21. Qe3 Nc2 22. Qd2 Qd8 23. Qxc2 Bd3 24. Qc1 Rc8 25. Nb2 Bxb1 26. Qxb1 Bxb2 27. Bxb6 Qxb6 28. Qxb2 Rc4 29. e5 Qb4 30. Re2 Qb5 31. Bf1 Qb6 32. Re3 Rc7 33. h4 Rd8 34. Be2 a5 35. e6 fxe6 36. Bg4 Re7 37. Qf6 Rde8 38. Nd4 Rf7 39. Qe5 Qb1+ 40. Kg2 Qxa2 41. Re2 1-0

[Event "Dubai"]
[Site "?"]
[Date "2003.??.??"]
[Round "?"]
[White "Gagunashvili, M."]
[Black "Jobava, Ba"]
[Result "1/2-1/2"]
[WhiteElo "2560"]
[BlackElo "2615"]
[PlyCount "89"]
[EventDate "2003.??.??"]
[Source "Chess Informant"]
[SourceDate "2004.02.01"]

1. d4 Nf6 2. c4 g6 3. Nf3 Bg7 4. g3 d6 5. Bg2 Nbd7 6. Nc3 e5 7. O-O O-O 8. e4 exd4 9. Nxd4 Re8 10. h3 Nc5 11. Re1 a5 12. Ndb5 Be6 13. b3 Nfd7 14. Be3 Ne5 15. Re2 a4 16. Rb1 axb3 17. axb3 Na6 18. Rd2 Qe7 19. Nd5 Bxd5 20. cxd5 Nd7 21. Bd4 Bxd4 22. Rxd4 Nf6 23. b4 Qd7 24. Nc3 Nb8 25. Rd3 Qe7 26. Re3 Nbd7 27. Nb5 Ne5 28. f4 Nc4 29. Rc3 Qd7 30. Nd4 b5 31. Qd3 Ra2 32. Nxb5 Rxe4 33. Bxe4 Qxh3 34. Rc2 Rxc2 35. Qxc2 Qxg3+ 36. Qg2 Qe3+ 37. Qf2 Qxe4 38. Re1 Qd3 39. Qd4 Qxd4+ 40. Nxd4 Nxd5 41. Rc1 Ncb6 42. Nb5 Nxb4 43. Rxc7 N6d5 44. Rb7 Nd3 45. f5 1/2-1/2

[Event "It (Men) Wijk aan Zee NED"]
[Site "?"]
[Date "2005.01.28"]
[Round "11"]
[White "Nielsen Peter Heine"]
[Black "Stellwagen Daniel"]
[Result "1-0"]
[WhiteElo "2648"]
[BlackElo "2524"]
[PlyCount "131"]
[EventDate "2005.??.??"]
[Source "www.chesslib.no"]
[SourceDate "2004.05.04"]

1. Nf3 Nf6 2. c4 g6 3. g3 Bg7 4. Bg2 O-O 5. d4 d6 6. O-O Nbd7 7. Nc3 e5 8. e4 a6 9. h3 b5 10. Qc2 c6 11. Rd1 Qe7 12. c5 dxc5 13. dxe5 Ne8 14. Bg5 f6 15. exf6 Bxf6 16. Be3 Bg7 17. e5 Nxe5 18. Nxe5 Qxe5 19. Bxc6 Bf5 20. Qb3+ c4 21. Qa3 Rc8 22. Bf4 Qf6 23. Nd5 Qxb2 24. Ne7+ Kh8 25. Qxb2 Bxb2 26. Nxc8 Bxa1 27. Rxa1 Bxc8 28. a4 bxa4 29. Be5+ Ng7 30. Rxa4 h5 31. h4 Kh7 32. Rxc4 Rf7 33. Rd4 Bb7 34. Ba4 Bf3 35. Rd3 Re7 36. Bc3 Bb7 37. f4 Be4 38. Rd8 Rb7 39. Be5 Rb4 40. Bd1 Rb7 41. Be2 Re7 42. Bxa6 Bf5 43. Bb5 Be6 44. Kf2 Rb7 45. Bc6 Ra7 46. Rb8 Re7 47. Ke3 Ra7 48. Kd4 Rf7 49. Kc5 Re7 50. Be4 Ra7 51. Kd6 Rd7+ 52. Kc6 Ra7 53. Kc5 Rd7 54. Ra8 Re7 55. Bc6 Bf7 56. Kb6 Be8 57. Bd5 Bf7 58. Bxf7 Rxf7 59. Kc6 Re7 60. Rf8 Ra7 61. Bf6 Rc7+ 62. Kxc7 Ne6+ 63. Kd6 Nxf8 64. Ke7 Kg8 65. Bg5 Nh7 66. Bh6 1-0

[Event "8th WUCC"]
[Site "Instanbul"]
[Date "2004.09.10"]
[Round "8"]
[White "Khismatullin, Denis"]
[Black "Jobava, Baadur"]
[Result "1-0"]
[WhiteElo "2556"]
[BlackElo "2615"]
[PlyCount "77"]
[EventDate "2004.09.05"]
[Source "Roberto Alvarez"]
[SourceDate "2004.09.21"]

1. d4 Nf6 2. c4 g6 3. Nf3 Bg7 4. g3 d6 5. Bg2 Nbd7 6. O-O e5 7. Nc3 O-O 8. e4 c6 9. Re1 exd4 10. Nxd4 Ng4 11. h3 Qb6 12. Nce2 Nge5 13. b3 Nc5 14. Be3 a5 15. Rb1 Qc7 16. Qc2 Re8 17. Rbd1 Ned7 18. Nc3 Ne6 19. Nde2 Nec5 20. Qd2 Bf8 21. g4 Na6 22. Bh6 Bxh6 23. Qxh6 Ndc5 24. Ng3 Qe7 25. f4 a4 26. e5 Qf8 27. Qh4 dxe5 28. Nce4 Nxe4 29. Nxe4 Kg7 30. Nf6 Re6 31. Rd8 Qxd8 32. Nh5+ gxh5 33. Qxd8 hxg4 34. f5 Rf6 35. hxg4 axb3 36. axb3 Rb8 37. Qd2 h6 38. Rxe5 c5 39. Be4 1-0

[Event "Manises exh m2 10'"]
[Site "Manises"]
[Date "2001.06.14"]
[Round "2.1"]
[White "Karpov, Anatoly"]
[Black "Arizmendi Martinez, Julen Luis"]
[Result "1/2-1/2"]
[WhiteElo "2692"]
[BlackElo "2478"]
[PlyCount "46"]
[EventDate "2001.06.14"]
[Source "ChessBase"]
[SourceDate "2001.07.03"]

1. d4 Nf6 2. c4 g6 3. g3 Bg7 4. Bg2 O-O 5. Nf3 d6 6. Nc3 Nbd7 7. O-O e5 8. e4 exd4 9. Nxd4 Re8 10. h3 a6 11. Re1 Rb8 12. a4 Ne5 13. b3 Bd7 14. Be3 Qc8 15. Kh2 h5 16. Ra2 h4 17. gxh4 c5 18. Nde2 Bxh3 19. Bxh3 Nf3+ 20. Kg3 Nh5+ 21. Kg2 Nxh4+ 22. Kh2 Nf3+ 23. Kg2 Nh4+ 1/2-1/2

[Event "Tilburg"]
[Site "?"]
[Date "1993.??.??"]
[Round "?"]
[White "Nikolic, P."]
[Black "Kovalev, A."]
[Result "1-0"]
[WhiteElo "2625"]
[BlackElo "2545"]
[PlyCount "135"]
[EventDate "1993.??.??"]
[Source "ChessBase"]
[SourceDate "1994.02.01"]

1. d4 Nf6 2. c4 g6 3. Nf3 Bg7 4. g3 O-O 5. Bg2 d6 6. O-O Nbd7 7. Nc3 e5 8. e4 exd4 9. Nxd4 Re8 10. h3 Nc5 11. Re1 Bd7 12. Rb1 h6 13. b3 a5 14. Kh2 Qc8 15. Bf4 a4 16. b4 Ne6 17. Nxe6 Bxe6 18. Nd5 Nd7 19. Rc1 Qd8 20. Be3 g5 21. Bd4 Bxd4 22. Qxd4 c6 23. Ne3 Qf6 24. Qxf6 Nxf6 25. Red1 Rad8 26. Rc3 Bc8 27. f3 h5 28. g4 hxg4 29. hxg4 Kf8 30. Kg3 Be6 31. Rcd3 Ke7 32. f4 gxf4+ 33. Kxf4 Rh8 34. Bf3 Rh2 35. a3 Rf2 36. Nf5+ Bxf5 37. exf5 Rg8 38. g5 Nh5+ 39. Ke3 Rxf3+ 40. Kxf3 Rxg5 41. Rxd6 Rg3+ 42. Kf2 Rxa3 43. c5 Ra2+ 44. Ke3 Ra3+ 45. Kf2 Ra2+ 46. Ke3 Ra3+ 47. Kd4 Rf3 48. Re1+ Kf8 49. Ke5 Ke7 50. Kd4+ Kf8 51. Ke5 Ke7 52. Rh1 f6+ 53. Kd4 Rf4+ 54. Kc3 Rxf5 55. Kb2 Kf7 56. Ka3 Kg6 57. Kxa4 Ng3 58. Re1 Rf2 59. Ka5 Rb2 60. Rg1 Rb3 61. Rd7 f5 62. Rxb7 f4 63. b5 cxb5 64. Rxb5 Rxb5+ 65. Kxb5 Kf6 66. c6 Nf5 67. c7 Ne7 68. Kc5 1-0

[Event "Reggio Emilia 8586"]
[Site "Reggio Emilia"]
[Date "1985.??.??"]
[Round "11"]
[White "Andersson, Ulf"]
[Black "Ljubojevic, Ljubomir"]
[Result "1/2-1/2"]
[WhiteElo "2575"]
[BlackElo "2595"]
[PlyCount "36"]
[EventDate "1985.12.??"]
[Source "ChessBase"]

1. c4 g6 2. d4 Bg7 3. Nf3 d6 4. Nc3 Nd7 5. g3 e5 6. Bg2 Ngf6 7. O-O O-O 8. e4 Re8 9. h3 exd4 10. Nxd4 Nc5 11. Re1 Bd7 12. Rb1 a6 13. b4 Ne6 14. Be3 Rb8 15. Qd3 b5 16. cxb5 Nxd4 17. Bxd4 axb5 18. Rbc1 c6 1/2-1/2

[Event "Bundesliga 2007-8"]
[Site "Wattenscheid GER"]
[Date "2007.10.20"]
[Round "1"]
[White "Potkin, V."]
[Black "Czarnota, P."]
[Result "1-0"]
[WhiteElo "2612"]
[BlackElo "2554"]
[PlyCount "129"]
[EventDate "2007.10.19"]
[Source "www.chesslib.no"]
[SourceDate "2004.05.04"]

1. d4 Nf6 2. c4 g6 3. Nf3 Bg7 4. g3 O-O 5. Bg2 d6 6. O-O Nbd7 7. Nc3 e5 8. h3 Re8 9. e4 exd4 10. Nxd4 Nc5 11. Re1 Bd7 12. b4 Ne6 13. Be3 a5 14. b5 Nc5 15. Qc2 Qc8 16. Kh2 Re5 17. g4 h6 18. f4 Re8 19. Rad1 a4 20. Bf2 g5 21. e5 dxe5 22. fxe5 Nh7 23. Bg3 Nf8 24. Nd5 Be6 25. Nf5 Ng6 26. b6 cxb6 27. Nxb6 Qc7 28. Nxa8 Rxa8 29. Nxg7 Kxg7 30. Rd6 Rc8 31. Bd5 Qe7 32. Qd2 Rc7 33. Qd4 Nf8 34. Re2 Nfd7 35. Rb2 b6 36. Re2 Kg8 37. Qd2 Ra7 38. Bf2 Rc7 39. Bxc5 Nxc5 40. Rxb6 Rd7 41. Rc6 Rc7 42. Rxc7 Qxc7 43. Qd4 a3 44. Re3 Qa5 45. Qc3 Qa4 46. Qxa3 Qc2+ 47. Bg2 Qxc4 48. Qc3 Qf4+ 49. Kg1 Na4 50. Qd2 Bxa2 51. Re2 Qxd2 52. Rxd2 Be6 53. Kf2 Nb6 54. Rd8+ Kg7 55. Ke3 h5 56. gxh5 Kh6 57. Rh8+ Kg7 58. Rd8 Kh6 59. Be4 Nd7 60. Kd4 Bxh3 61. Rh8+ Kg7 62. Rh7+ Kg8 63. h6 f6 64. e6 Bxe6 65. Re7 1-0

[Event "Open Aeroflot"]
[Site "Mosca RUS"]
[Date "2007.02.16"]
[Round "3"]
[White "Khismatullin, D."]
[Black "Mamedov, Rau"]
[Result "0-1"]
[WhiteElo "2599"]
[BlackElo "2566"]
[PlyCount "76"]
[EventDate "2007.02.14"]
[Source "www.chesslib.no"]
[SourceDate "2004.05.04"]

1. c4 e5 2. Nf3 d6 3. Nc3 Nf6 4. g3 g6 5. Bg2 Bg7 6. d4 Nbd7 7. O-O O-O 8. e4 a6 9. Re1 Rb8 10. d5 b5 11. cxb5 axb5 12. b4 Nb6 13. Nd2 Bg4 14. Qc2 Qd7 15. Bf1 Nc8 16. a4 bxa4 17. Qxa4 Qe7 18. Nb3 Nb6 19. Qa2 Nh5 20. Na5 Ra8 21. Be3 Nf4 22. Bxb6 cxb6 23. Nc6 Qg5 24. h4 Qf6 25. Qxa8 Rxa8 26. Rxa8+ Bf8 27. Re3 g5 28. hxg5 Qxg5 29. Na4 b5 30. Nc3 Kg7 31. Nxb5 Bh3 32. Nc3 Qg4 33. Bxh3 Nxh3+ 34. Kf1 Nf4 35. gxf4 exf4 36. Rd3 f3 37. Nd1 Qxe4 38. Rd2 Qh4 0-1

[Event "Bern Open"]
[Site "Bern SUI"]
[Date "1995.??.??"]
[Round "7"]
[White "Beliavsky, Alexander G"]
[Black "Gallagher, Joseph G"]
[Result "1/2-1/2"]
[WhiteElo "2650"]
[BlackElo "2515"]
[PlyCount "82"]
[EventDate "1995.02.??"]
[Source "www.chesslib.no"]
[SourceDate "2004.05.04"]

1. d4 Nf6 2. c4 g6 3. Nf3 Bg7 4. g3 O-O 5. Bg2 d6 6. O-O Nbd7 7. Nc3 e5 8. e4 exd4 9. Nxd4 Re8 10. h3 a6 11. Re1 Nc5 12. Nb3 Nxb3 13. axb3 Rb8 14. Be3 Be6 15. Qc2 b5 16. c5 Qc8 17. g4 h5 18. g5 Nd7 19. b4 Ne5 20. Kh2 Nc4 21. Bf4 dxc5 22. bxc5 b4 23. Nd5 Bxd5 24. exd5 Nxb2 25. Rxe8+ Qxe8 26. Bxc7 Be5+ 27. Bxe5 Qxe5+ 28. Kg1 Nd3 29. Rd1 Nf4 30. Qe4 Ne2+ 31. Kf1 Qxe4 32. Bxe4 Nc3 33. d6 Nxe4 34. d7 Nxc5 35. d8=Q+ Rxd8 36. Rxd8+ Kg7 37. h4 b3 38. Rc8 Ne4 39. Ke1 a5 40. Kd1 a4 41. Ra8 Nxf2+ 1/2-1/2

[Event "Ubeda op"]
[Site "Ubeda"]
[Date "1997.??.??"]
[Round "10"]
[White "Filippov, Valerij"]
[Black "Khalifman, Alexander"]
[Result "1/2-1/2"]
[WhiteElo "2510"]
[BlackElo "2650"]
[PlyCount "52"]
[EventDate "1997.02.??"]
[Source "ChessBase"]

1. d4 Nf6 2. Nf3 g6 3. g3 Bg7 4. Bg2 O-O 5. O-O d6 6. c4 Nbd7 7. Nc3 e5 8. e4 a6 9. Qc2 exd4 10. Nxd4 Re8 11. Rd1 Rb8 12. h3 c5 13. Nde2 Ne5 14. b3 b5 15. f4 Nc6 16. e5 Bf5 17. Qd2 Nd4 18. exf6 Nxe2+ 19. Nxe2 Qxf6 20. Ba3 b4 21. Bxb4 Rxb4 22. Rac1 Rbb8 23. g4 Be4 24. Nc3 Bxg2 25. Kxg2 Qd4 26. Rc2 Qxd2+ 1/2-1/2

[Event "Komotini GP"]
[Site "Komotini"]
[Date "1993.??.??"]
[Round "6"]
[White "Sturua, Zurab"]
[Black "Kotronias, Vasilios"]
[Result "1/2-1/2"]
[WhiteElo "2565"]
[BlackElo "2590"]
[PlyCount "95"]
[EventDate "1993.08.??"]
[Source "www.chesslib.no"]
[SourceDate "2004.05.04"]

1. d4 Nf6 2. c4 g6 3. g3 Bg7 4. Bg2 O-O 5. Nc3 d6 6. Nf3 Nbd7 7. O-O e5 8. e4 c6 9. b3 Qb6 10. h3 exd4 11. Na4 Qc7 12. Nxd4 Re8 13. Re1 a6 14. Nc3 Rb8 15. Bf4 Ne5 16. Rc1 b6 17. Be3 Bb7 18. f4 Ned7 19. Bf2 Rbd8 20. Re2 Qb8 21. Qc2 b5 22. Rce1 b4 23. Nd1 c5 24. Nf3 Qa8 25. Nd2 Re6 26. g4 Rde8 27. Qd3 h6 28. Bg3 g5 29. fxg5 hxg5 30. Nf2 Nf8 31. e5 Bxg2 32. exf6 Bxf6 33. Nde4 Bxe4 34. Nxe4 Bd4+ 35. Kh2 Qd8 36. Nxd6 Rxd6 37. Rxe8 Bg1+ 38. Kxg1 Rxd3 39. Rxd8 Rxd8 40. Kf2 Ne6 41. Ke3 Nd4 42. Ke4 Kg7 43. Rd1 f6 44. Bf2 Re8+ 45. Kd3 Rd8 46. Ke4 Re8+ 47. Kd3 Rd8 48. Ke4 1/2-1/2

[Event "Europa ch 2008"]
[Site "Plovdiv BUL"]
[Date "2008.04.30"]
[Round "9.53"]
[White "Braun, Arik"]
[Black "Wojtaszek, Radoslaw"]
[Result "1-0"]
[WhiteElo "2529"]
[BlackElo "2625"]
[PlyCount "87"]
[EventDate "2008.04.21"]
[Source "www.chesslib.no"]
[SourceDate "2004.05.04"]

1. Nf3 Nf6 2. g3 g6 3. Bg2 Bg7 4. d4 O-O 5. O-O d6 6. c4 Nbd7 7. Nc3 e5 8. e4 a6 9. Re1 exd4 10. Nxd4 Ng4 11. h3 Qf6 12. Nf3 Nge5 13. Nd5 Qd8 14. Nxe5 Nxe5 15. Qc2 c6 16. Ne3 c5 17. Bd2 b5 18. b3 Nc6 19. Rad1 Nd4 20. Qd3 Rb8 21. h4 Be6 22. h5 bxc4 23. Nxc4 d5 24. exd5 Bxd5 25. Bf4 Bxg2 26. Kxg2 Rb7 27. h6 Bf6 28. Bd6 Re8 29. Bxc5 Qd5+ 30. f3 Rxe1 31. Rxe1 Rb8 32. Be7 Bh8 33. Qe4 Qxe4 34. fxe4 Re8 35. Bg5 Ne6 36. Be3 Rd8 37. Rc1 Rc8 38. Rd1 Bf6 39. Rd6 Ra8 40. Kf3 Ng5+ 41. Kf4 Ne6+ 42. Kg4 Be7 43. Rd7 Bf8 44. Nb6 1-0

[Event "Frankfurt Ordix op"]
[Site "Frankfurt"]
[Date "1999.07.04"]
[Round "11"]
[White "Teske, Henrik"]
[Black "Movsesian, Sergei"]
[Result "0-1"]
[WhiteElo "2500"]
[BlackElo "2650"]
[PlyCount "88"]
[EventDate "1999.07.??"]
[Source "www.chesslib.no"]
[SourceDate "2004.05.04"]

1. Nf3 Nf6 2. c4 g6 3. Nc3 Bg7 4. g3 O-O 5. Bg2 d6 6. d4 Nbd7 7. O-O e5 8. e4 a6 9. b3 b5 10. dxe5 dxe5 11. Qe2 c6 12. Rd1 Qe7 13. Bb2 Bb7 14. Rd2 Bh6 15. Rc2 Rfd8 16. Re1 Ne8 17. Nd1 Nc7 18. Ne3 Bg7 19. cxb5 Nxb5 20. Nc4 c5 21. Na5 Rab8 22. Nxb7 Rxb7 23. Rd1 a5 24. Qd2 a4 25. bxa4 Nd4 26. Nxd4 exd4 27. Ba3 Bf8 28. Bf1 Ra7 29. Bb5 Qxe4 30. Re1 Qd5 31. Bc4 Qf3 32. Bb3 c4 33. Bxf8 cxb3 34. Be7 bxc2 35. Bxd8 d3 36. Bg5 Ra8 37. Qc3 Qd5 38. Bh6 f6 39. a5 Ne5 40. Qc7 Qf7 41. Qc3 Nf3+ 42. Kf1 Nxe1 43. Kxe1 Qe6+ 44. Be3 Rc8 0-1

[Event "Moscow ol (Men)"]
[Site "Moscow"]
[Date "1994.??.??"]
[Round "8"]
[White "Kortschnoj, Viktor"]
[Black "Tkachiev, Vladislav"]
[Result "0-1"]
[WhiteElo "2615"]
[BlackElo "2535"]
[PlyCount "56"]
[EventDate "1994.11.??"]
[Source "ChessBase"]

1. d4 Nf6 2. c4 g6 3. Nc3 Bg7 4. g3 O-O 5. Bg2 d6 6. Nf3 Nbd7 7. O-O e5 8. e4 exd4 9. Nxd4 Re8 10. Be3 Ne5 11. b3 Nfg4 12. Bc1 Bd7 13. h3 Nf6 14. Be3 Qc8 15. Kh2 h5 16. Re1 a6 17. Rc1 c5 18. Nf3 Nxf3+ 19. Bxf3 Bxh3 20. Qxd6 Ng4+ 21. Bxg4 Qxg4 22. Bxc5 h4 23. Nd5 Re5 24. Re3 Rae8 25. Rg1 Rh5 26. Qf4 Qc8 27. Bd6 hxg3+ 28. Rgxg3 g5 0-1

[Event "XVII Festival"]
[Site "Abu Dhabi EAU"]
[Date "2007.08.15"]
[Round "4"]
[White "Pantsulaia, L."]
[Black "Amin, B."]
[Result "0-1"]
[WhiteElo "2611"]
[BlackElo "2535"]
[PlyCount "102"]
[EventDate "2007.08.12"]
[Source "www.chesslib.no"]
[SourceDate "2004.05.04"]

1. Nf3 Nf6 2. c4 g6 3. g3 Bg7 4. Bg2 O-O 5. O-O d6 6. Nc3 Nbd7 7. d4 e5 8. h3 Re8 9. e4 a6 10. Re1 exd4 11. Nxd4 Rb8 12. Rb1 c5 13. Nc2 b5 14. cxb5 axb5 15. b4 cxb4 16. Nxb4 Ne5 17. Bf4 Bb7 18. Nxb5 Nxe4 19. Nd5 Bxd5 20. Qxd5 Rxb5 21. Qxb5 Nc3 22. Qb7 Nxb1 23. Rxb1 h5 24. a4 h4 25. g4 Qf6 26. Be3 Nd3 27. g5 Qf5 28. Qf3 Nf4 29. Rb5 Be5 30. Qg4 Qxg4 31. hxg4 h3 32. Bb7 d5 33. Bxd5 Ne2+ 34. Kf1 Nc3 35. Bc6 Rd8 36. f4 Nxb5 37. fxe5 Rd1+ 38. Kf2 Nd4 39. Bxd4 Rxd4 40. a5 Rd2+ 41. Kg1 Ra2 42. Bd7 Rxa5 43. e6 Re5 44. exf7+ Kxf7 45. Kh2 Re3 46. Bb5 Ke6 47. Be8 Ke5 48. Bxg6 Kf4 49. Bf5 Kxg5 50. Kg1 Kh4 51. Kf2 Rg3 0-1

[Event "Biel (open)"]
[Site "?"]
[Date "1995.??.??"]
[Round "?"]
[White "Portisch, L."]
[Black "Golubev, M."]
[Result "1/2-1/2"]
[WhiteElo "2615"]
[BlackElo "2525"]
[PlyCount "85"]
[EventDate "1995.??.??"]
[Source "ChessBase"]
[SourceDate "1995.06.01"]

1. d4 Nf6 2. c4 g6 3. g3 Bg7 4. Bg2 O-O 5. Nf3 d6 6. O-O Nbd7 7. Nc3 e5 8. e4 exd4 9. Nxd4 Re8 10. h3 a6 11. Re1 Rb8 12. Rb1 Nc5 13. b4 Ne6 14. Nb3 Nd7 15. Nd5 Ne5 16. Ne3 Nc6 17. b5 axb5 18. cxb5 Ncd4 19. Nxd4 Nxd4 20. Rb4 Ne6 21. Bb2 Bxb2 22. Rxb2 Nc5 23. b6 c6 24. Nc4 d5 25. Qd4 Nxe4 26. Nd2 c5 27. Qa4 Bd7 28. Qc2 Nxd2 29. Rxe8+ Bxe8 30. Qxd2 Bc6 31. Qf4 Ra8 32. Rd2 Qxb6 33. Bxd5 Bxd5 34. Rxd5 Rd8 35. Qd2 Qb1+ 36. Kh2 Rxd5 37. Qxd5 Qc2 38. Kg1 b5 39. Qe5 Qd1+ 40. Kg2 Qd8 41. Qxc5 Qa8+ 42. Kg1 Qxa2 43. Qxb5 1/2-1/2

[Event "Nis"]
[Site "?"]
[Date "1996.??.??"]
[Round "?"]
[White "Malaniuk, Vladimir P"]
[Black "Dimitrov, V."]
[Result "1-0"]
[WhiteElo "2610"]
[BlackElo "2530"]
[PlyCount "63"]
[EventDate "1996.??.??"]
[Source "ChessBase"]
[SourceDate "1996.10.01"]

1. d4 Nf6 2. Nf3 g6 3. g3 Bg7 4. Bg2 O-O 5. c4 d6 6. O-O Nbd7 7. Qc2 e5 8. Rd1 Qe7 9. Nc3 c6 10. e4 Re8 11. Be3 exd4 12. Nxd4 Ng4 13. Bf4 Nge5 14. b3 Nc5 15. h3 Ne6 16. Nxe6 Bxe6 17. Be3 f5 18. Rac1 fxe4 19. Nxe4 Bf5 20. Qd2 Bxh3 21. Nxd6 Rf8 22. Bf4 Bxg2 23. Kxg2 h6 24. c5 g5 25. Bxe5 Qxe5 26. Re1 Qf6 27. Nxb7 h5 28. Nd6 h4 29. Qe2 g4 30. gxh4 Qf3+ 31. Qxf3 Rxf3 32. Rc4 1-0

[Event "Baden_Baden II"]
[Site "?"]
[Date "1992.??.??"]
[Round "?"]
[White "Ribli, Z."]
[Black "Vogt, L."]
[Result "1/2-1/2"]
[WhiteElo "2610"]
[BlackElo "2530"]
[PlyCount "92"]
[EventDate "1992.??.??"]
[Source "ChessBase"]
[SourceDate "1992.10.01"]

1. Nf3 Nf6 2. c4 g6 3. Nc3 Bg7 4. g3 O-O 5. Bg2 d6 6. O-O e5 7. d4 Nbd7 8. h3 Re8 9. e4 exd4 10. Nxd4 Nc5 11. Re1 Bd7 12. Rb1 h6 13. b3 a6 14. Bb2 Rb8 15. b4 Ne6 16. Nf3 Ng5 17. Nxg5 hxg5 18. Qd2 g4 19. hxg4 Nxg4 20. Nd5 c6 21. Bxg7 Kxg7 22. Qd4+ Ne5 23. Ne3 Qf6 24. Rbd1 Be6 25. f4 Nxc4 26. Nxc4 Qxd4+ 27. Rxd4 c5 28. f5 cxd4 29. fxe6 Rxe6 30. Rd1 b5 31. Na5 Rc8 32. Bh3 f5 33. exf5 Rf6 34. Nb3 Rc3 35. Kg2 Rc2+ 36. Kf3 Rh2 37. Bf1 Rxf5+ 38. Ke4 Rxa2 39. Nxd4 Re5+ 40. Kf3 Rb2 41. Bh3 d5 42. Ra1 Rxb4 43. Ne6+ Kh6 44. Rxa6 Rb3+ 45. Kf2 Rb2+ 46. Kf3 Rb3+ 1/2-1/2

[Event "BL2-Sued 0102"]
[Site "Germany"]
[Date "2002.03.17"]
[Round "7.2"]
[White "Huebner, Robert"]
[Black "Schmaltz, Roland"]
[Result "1/2-1/2"]
[WhiteElo "2612"]
[BlackElo "2528"]
[PlyCount "74"]
[EventDate "2001.10.07"]
[Source "ChessBase"]
[SourceDate "2002.07.08"]

1. d4 Nf6 2. c4 g6 3. g3 Bg7 4. Bg2 O-O 5. Nc3 d6 6. Nf3 Nbd7 7. O-O e5 8. e4 exd4 9. Nxd4 Re8 10. h3 Nc5 11. Re1 Bd7 12. Bf4 h6 13. Rb1 Ne6 14. Nxe6 Bxe6 15. Nd5 Nd7 16. b3 a5 17. Be3 a4 18. Qc2 axb3 19. axb3 c6 20. Nf4 Qc7 21. Rbd1 Ra3 22. Bc1 Ra1 23. Nxe6 Rxe6 24. Bf4 Rxd1 25. Rxd1 g5 26. Be3 Nf6 27. Ra1 Re8 28. Ra7 Qe7 29. c5 dxc5 30. Bxc5 Qe6 31. Rxb7 Nxe4 32. Be3 Nxg3 33. Qxc6 Ne2+ 34. Kf1 Ng3+ 35. Kg1 Ne2+ 36. Kh1 Ng3+ 37. Kg1 Ne2+ 1/2-1/2

[Event "JUG-chT"]
[Site "Niksic"]
[Date "1997.??.??"]
[Round "10"]
[White "Georgiev, Kiril"]
[Black "Dimitrov, Vladimir"]
[Result "1-0"]
[WhiteElo "2670"]
[BlackElo "2470"]
[PlyCount "151"]
[EventDate "1997.08.27"]
[Source "ChessBase"]
[SourceDate "1997.09.26"]

1. d4 Nf6 2. Nf3 g6 3. g3 Bg7 4. Bg2 O-O 5. O-O d6 6. c4 Nbd7 7. Nc3 e5 8. h3 exd4 9. Nxd4 Re8 10. e4 Nc5 11. Re1 a5 12. Rb1 a4 13. Ndb5 Bd7 14. Bf4 Bc6 15. Qc2 h6 16. Rbd1 Qc8 17. Kh2 g5 18. Bc1 g4 19. Nd5 Nxd5 20. exd5 Bxb5 21. cxb5 h5 22. b4 axb3 23. axb3 Qd7 24. b4 Na4 25. Rxe8+ Qxe8 26. Qxc7 Nc3 27. Rf1 gxh3 28. Kxh3 Nxb5 29. Qxb7 Rb8 30. Qc6 Qe5 31. Qd7 Qf6 32. Re1 Nc3 33. Re8+ Rxe8 34. Qxe8+ Bf8 35. Bf4 h4 36. Qc8 hxg3 37. Qg4+ Bg7 38. Bxg3 Nb5 39. Bf1 Nc3 40. Bg2 Nb5 41. Be4 Nc3 42. Bf3 Nb5 43. Kg2 Nd4 44. Be4 Qe7 45. Bd3 Qb7 46. Be4 Qe7 47. Kh2 Qb7 48. Bh4 Kf8 49. Kg2 Be5 50. Bg5 Qxb4 51. Qc8+ Kg7 52. Qg4 Kf8 53. Bh6+ Ke7 54. Qg5+ Bf6 55. Qe3 Kd7 56. Qh3+ Kc7 57. Qh5 Be5 58. Qxf7+ Kb6 59. Be3 Qc4 60. Qd7 Ka5 61. Qa7+ Kb4 62. Bd2+ Kb3 63. Qb6+ Nb5 64. Qe3+ Nc3 65. Qb6+ Nb5 66. Bf3 Kc2 67. Qe3 Nc3 68. Qe1 Qh4 69. Be3 Qh2+ 70. Kf1 Qh3+ 71. Bg2 Qf5 72. Qd2+ Kb3 73. f4 Bf6 74. Bf2 Kc4 75. Kg1 Nxd5 76. Bxd5+ 1-0